000 00261nam a2200109Ia 4500
008 200302s9999 xx 000 0 und d
100 _aRoger Yee
245 _aUrban Spaces No. 6
260 _bVisual Profile Books Inc, New York
260 _c2010
300 _a206 P
999 _c4404
_d4404